| 000 | 00872cam a2200205 4500 | ||
|---|---|---|---|
| 001 | WB3734-15 | ||
| 008 | 010911n2001 000 0 eng u | ||
| 035 | _a(Sirsi) u114526 | ||
| 245 | _aEU asbestos proposal | ||
| 260 | _c2001 | ||
| 490 |
_aHealth and Safety Bulletin _v(301) September 2001, 7(1) |
||
| 520 | _aThe EU has proposed two changes to Directive 83/477/EEC on asbestos which could impact on current UK legislation. The HSE supports the proposed EU new exposure limit for chrysolite, but is less keen for references to 'reasonably practical' to be removed from the legislation. | ||
| 590 | _aWB | ||
| 650 | _aMANAGEMENT-HEALTH AND SAFETY-HAZARDOUS SUBSTANCES-ASBESTOS | ||
| 650 | _aCONTROL OF ASBESTOS AT WORK REGULATIONS 1987 | ||
| 650 | _aHEALTH AND SAFETY EXECUTIVE | ||
| 650 | _aEUROPEAN UNION | ||
| 690 |
_aHEALTH AND SAFETY _96244 |
||
| 942 | _n0 | ||
| 999 |
_c68232 _d68232 |
||